Paraules del President de la Generalitat : gener-desembre 1983 / Jordi Pujol gener-desembre 1983 / Jordi Pujol
Publicado:
Barcelona :
Generalitat de Catalunya. Departament de la Presidència. Servei Central de Publicacions ,
1985
Descripción Física:
444 p. ; 22 cm
Colección:
Paraules del President de la Generalitat ; 5
Materias:
Pujol, Jordi -- Discursos
MARC
| LEADER | 00000nam a2200000Ia 4500 | ||
|---|---|---|---|
| 001 | 7584 | ||
| 008 | 160829s1985 xx 000 0 cat d | ||
| 080 | |a M-2-180 | ||
| 110 | 1 | |9 54008 |a Catalunya. |b President (1980-2003 : Pujol) | |
| 245 | |a Paraules del President de la Generalitat : |b gener-desembre 1983 / Jordi Pujol | ||
| 260 | |a Barcelona : |b Generalitat de Catalunya. Departament de la Presidència. Servei Central de Publicacions, |c 1985 | ||
| 300 | |a 444 p. ; |c 22 cm | ||
| 490 | |a Paraules del President de la Generalitat ; 5 | ||
| 650 | |a Pujol, Jordi |x Discursos |9 31652 | ||
| 901 | |a Arxiu | ||
| 942 | |n 1 |2 udc | ||
| 952 | |0 0 |1 0 |4 0 |6 M2180 |7 1 |9 42212 |a Arxiu |b Arxiu |d 2016-12-01 |l 0 |o M-2-180 |p 7584 |r 2016-12-01 00:00:00 |w 2016-12-01 |y ARXIU | ||
| 999 | |c 44659 |d 44659 | ||